Guess the 1960s song lyrics #80 - Statistics

General Stats
  • This quiz has been taken 52 times
  • The average score is 157 of 207
Answer Stats
Answer % Correct
I
96%
my
91%
a
89%
on
89%
the
89%
The
89%
to
89%
it
87%
we
87%
You
87%
you
87%
that
84%
be
82%
baby
80%
If
80%
No
80%
would
80%
And
78%
Come
78%
fire
78%
get
78%
know
78%
say
78%
in
76%
is
76%
light
76%
was
76%
set
71%
can
69%
love
67%
night
67%
liar
64%
our
64%
couldn't
62%
Girl
62%
time
62%
untrue
62%
funeral
60%
pyre
60%
higher
58%
much
58%
Try
58%
through
53%
only
51%
mire
49%
become
47%
wallow
47%
yeah
47%
hesitate
44%
now
44%
lose
38%
No matching quizzes found
Score Distribution
Percent of People with Each Score
Percentile by Number Answered
Your Score History
You have not taken this quiz